Šebešské novinky

Bibliographic Details
Format: Journal
Language:Slovak
PhysicalDescription:zv. 30 cm
Published: Prešov Občianske združenie Naša Nižná Šebastová 2013-
ISSN:2585-920X
Subjects:
Online Access:http://www.nasaniznasebastova.sk/?page_id=277

MARC

LEADER 00000cas a2200000 a 4500
001 vtls011758064
003 SK-MaSNL
005 20260501224245.0
008 180523c20139999xo qr p 0 b0slo
022 |a 2585-920X 
040 |a SNK  |b slo  |c SNK  |e AACR2 
041 0 |a slo 
043 |a e-xo--- 
044 |a xo  |c SK 
072 7 |a 061.2  |x Nevládne organizácie a kooperácia  |2 konspekt 
072 7 |a 394  |x Verejný a spoločenský život. Každodenný život  |2 konspekt 
072 7 |a 316.7  |x Sociológia kultúry. Kultúrny život  |2 konspekt 
080 |a 394  |2 2011 
080 |a 316.728  |2 2011 
080 |a 050  |2 2011 
080 |a (437.6)  |2 2011 
080 |a 351.752.17(051)  |2 2011 
080 |a 061.23  |2 2011 
210 0 |a Šebešské nov. 
222 0 |a Šebešské novinky 
245 0 0 |a Šebešské novinky 
260 |a Prešov  |b Občianske združenie Naša Nižná Šebastová  |c 2013- 
300 |a zv.  |c 30 cm 
310 |a 4x ročne 
362 0 |a [2013]- 
500 |a Evidenčné číslo: EV 5664/18 
500 |a Popis podľa: Roč. V, č. 2 (2018) 
515 |a R. 2019 a 2020 majú rovnaký roč. 6 
650 0 7 |a občianske združenia  |2 SNKPH  |9 29132 
650 0 7 |a každodenný život  |2 SNKPH  |9 4946 
651 7 |a Nižná Šebastová (Prešov, Slovensko)  |2 SNKPHgeo  |9 57198 
655 7 |a časopisy záujmových združení a spolkov  |2 SNKPH  |9 141943 
856 4 1 |u http://www.nasaniznasebastova.sk/?page_id=277 
910 |a snk 
999 |c 13261  |d 15191 
952 |t č. 1-4, neúplné  |a SNK  |b SNK  |y PREZ  |7 0  |p 17A1462220  |o snkČSB 7747/5/2018  |i snk2022/4844  |8 0  |z Chýba č. 1  |0 0  |1 0  |4 0  |d 2022-03-28  |l 0  |r 2026-02-21 20:03:09  |w 2026-02-21 
952 |t č. 1-4  |a SNK  |b SNK  |y PREZ  |7 0  |p 17A1462221  |o snkČSB 7747/6/2019  |i snk2022/4845  |8 0  |0 0  |1 0  |4 0  |d 2022-03-28  |l 0  |r 2026-02-21 20:03:09  |w 2026-02-21 
952 |t č. 1-4  |a SNK  |b SNK  |y PREZ  |7 0  |p 17A1462222  |o snkČSB 7747/6/2020  |i snk2022/4846  |8 0  |0 0  |1 0  |4 0  |d 2022-03-28  |l 0  |r 2026-02-21 20:03:24  |w 2026-02-21